000 00344 a2200157 4500
001 70725
020 _a9788508148721
040 _cAnchieta - Itaigara
100 _aAzevedo, Álvares de
240 1 0 _aNoite na taverna
_lpor
245 1 0 _aNoite na taverna
300 _a93p.
362 0 _a2011
650 4 _aFicção brasileira
942 _cBK
999 _c70725
_d70725